| 000 | 00384 a2200145 4500 | ||
|---|---|---|---|
| 999 |
_c325432 _d325432 |
||
| 001 | 90359 | ||
| 003 | NUST | ||
| 082 | _a892.7 ABU | ||
| 100 |
_aAbul Hassan Mansoor Ahmad _99279 |
||
| 245 |
_aAlif Laila o Laila (Vol-IV) _hUrdu _bAik Hazaar Aik Dastaan |
||
| 250 | _aVol-IV | ||
| 260 |
_aLahore _bTahleeqaat Publishers _c2010 |
||
| 300 | _a371p. | ||
| 500 | _aGeneral Books | ||
| 942 |
_aCAE NUST _cBK _k892.7 ABU _2ddc |
||